000 00658nam a2200181 a 4500
008 120416s1983 ||||||||||||||||| || u
020 _a0870553984
050 _aTP 370.5 Sus
100 _aKnorr, Dietrich W
245 1 0 _aSustainable food systems
_cedited by Dietrich Knorr
260 _aWestport, [Connecticut]
_bAvi Pub. Co
_c1983
300 _axiv, 416p.
350 _a0.00
500 _aIncludes bibliographies and index.
650 _aORGANIC FARMING
650 _aFOOD INDUSTRY AND TRADE
995 _D0.00
_FCBU-MAIN LIBRARY (Kitwe)
_H1
_I27.50
_M1
_UAVAILABLE
_ZAnnex Low-Usage Collection
999 _c59238
_d59238